|
|
|
|
| LEADER |
00000nam0a2200000 4500 |
| 001 |
372434 |
| 005 |
20231102012457.0 |
| 035 |
|
|
|a (RuTPU)RU\TPU\retro\29857
|
| 035 |
|
|
|a RU\TPU\book\220077
|
| 090 |
|
|
|a 372434
|
| 100 |
|
|
|a 20221215d1961 km y0rusy50 ca
|
| 101 |
0 |
|
|a rus
|
| 102 |
|
|
|a RU
|
| 105 |
|
|
|a a z 000zy
|
| 200 |
1 |
|
|a От водорода до ... нобелия?
|f П. Р. Таубе, Е. И. Руденко
|
| 205 |
|
|
|a 2-е изд., доп.
|
| 210 |
|
|
|a Москва
|c Высшая школа
|d 1961
|
| 215 |
|
|
|a 330 с.
|c ил.
|
| 606 |
1 |
|
|a Химические элементы
|2 stltpush
|3 (RuTPU)RU\TPU\subj\17311
|9 43020
|
| 610 |
1 |
|
|a водород
|
| 610 |
1 |
|
|a нобелий
|
| 610 |
1 |
|
|a классификация
|
| 675 |
|
|
|a 546-123
|v 3
|
| 675 |
|
|
|a 52-36
|v 3
|
| 700 |
|
1 |
|a Таубе
|b П. Р.
|g Петр Рейнгольдович
|
| 701 |
|
1 |
|a Руденко
|b Е. И.
|g Евгений Иванович
|
| 801 |
|
1 |
|a RU
|b 63413507
|c 20111004
|
| 801 |
|
2 |
|a RU
|b 63413507
|c 20221215
|g RCR
|
| 942 |
|
|
|c BK
|